Score 0/16 Timer 04:00
0 Plays Today
Movie Title Missing Word % Correct
The ____ for Red OctoberHunt
96.8%
The ____ Red LineThin
95%
Red ____ HoodRiding
92.4%
____ Blonde 2: Red, White & BlondeLegally
90.2%
The ____ in RedWoman
71.3%
The Man With One Red ____Shoe
65.8%
Red ____Dawn
64.1%
Red ____Dragon
53.6%
Movie Title Missing Word % Correct
The ____ Red OneBig
52%
Red ____Eye
32.2%
The ____ of the Red DeathMasque
31.1%
Red ____ Sonja
29.8%
Red ____ River
26.6%
Red ____ WestRock
21.9%
Red ____Heat
20.4%
Red ____Planet
16.6%

Today's Daily Dose

Word Ladder
I Have a Dream

Get the Picture
January Holidays

Remove Ads.
Support Sporcle.
Get the best of Sporcle when you Go Orange. This ad-free experience offers more features, more stats, and more fun while also helping to support Sporcle. Thank you for becoming a member.

You're not logged in!

Compare scores with friends on all Sporcle quizzes.
OR
Log In

Show Comments

Extras

Top Quizzes Today


Score Distribution

Your Account Isn't Verified!

In order to create a playlist on Sporcle, you need to verify the email address you used during registration. Go to your Sporcle Settings to finish the process.

Report this User

Report this user for behavior that violates our Community Guidelines.

Details: